000 00496nam a2200205Ia 4500
008 170918s9999 xx 000 0 und d
020 _a9780439457088
050 _bM643 2003
100 _aMiles, Ellen
245 _aTwelve dancing Princesses /
245 _cEllen Miles.
260 _aNew York :
260 _bScholastic,
260 _c2003
300 _a96 pages :
300 _bcolored illustration ;
300 _c19cm.
440 _aScholastic junior classics.
500 _a890
999 _c342114
_d342114